000 00309nam a22001337a 4500
008 170622b xxu||||| |||| 00| 0 eng d
020 _a9780395668665
041 _aeng
080 _23RD
_a94(7/8)
100 _a16
101 _aSHH
245 _aDISCOVERING THE AMERICAN PAST
_cWHEELER,W.B
942 _2udc
_cBK
999 _c18722
_d18722